000 00381 a2200169 4500
001 156483
020 _a9788516094942
040 _cEscola São Tomás de Aquino
100 _aMODERNA
240 1 0 _aAraribá Plus Português
_lpor
245 1 0 _aAraribá Plus Português
300 _a264
362 0 _a2014
440 1 _aModerna
697 _aLíngua portuguesa
942 _cBK
999 _c156483
_d156483